Beyond the primary commodity trap essays on politics and poverty in Africa /

Bibliographic Details
Main Author: Egbezor, Uchendu.
Corporate Author: ProQuest (Firm)
Format: Electronic eBook
Language:English
Published: London : Adonis & Abbey, 2009.
Edition:1st ed.
Subjects:
Online Access:Click to View
LEADER 01213nam a2200337 a 4500
001 EBC3111152
003 MiAaPQ
005 20200520144314.0
006 m o d |
007 cr cn|||||||||
008 120904s2009 enk sb 001 0 eng d
020 |z 9781906704261 
035 |a (MiAaPQ)EBC3111152 
035 |a (Au-PeEL)EBL3111152 
035 |a (CaPaEBR)ebr10594035 
035 |a (OCoLC)811407966 
040 |a MiAaPQ  |c MiAaPQ  |d MiAaPQ 
043 |a f------ 
050 4 |a HC800.Z9  |b P64 2009 
100 1 |a Egbezor, Uchendu. 
245 1 0 |a Beyond the primary commodity trap  |h [electronic resource] :  |b essays on politics and poverty in Africa /  |c Uchendu Egbezor. 
250 |a 1st ed. 
260 |a London :  |b Adonis & Abbey,  |c 2009. 
300 |a 116 p. 
504 |a Includes bibliographical references and index. 
533 |a Electronic reproduction. Ann Arbor, MI : ProQuest, 2015. Available via World Wide Web. Access may be limited to ProQuest affiliated libraries. 
650 0 |a Poverty  |z Africa. 
651 0 |a Africa  |x Economic policy. 
655 4 |a Electronic books. 
710 2 |a ProQuest (Firm) 
856 4 0 |u https://ebookcentral.proquest.com/lib/matrademy/detail.action?docID=3111152  |z Click to View